1497 1686 1469 1691 1922 1195 1052 1839 1141 1805 1558 1534 1783 1674 1620 1444 1934 1965 1247 1886 1203 1637 1980 1874 1929 1671 1375 1671 1243 1511 1409 1981 1085 1746 1600 1501 1712 1059 1614 1814 1611 1028 1689 1144 1043 1795 1610 1795 1719 1027 1171 1122 1666 1576 1114 1823 1874 1711 1550 1494 1510 1045 1063 1816 1380 1102 1372 1436 1406 1318 1401 1245 1992 1838 1812 1134 1621 1443 1019 1467 1102 1952 1795 1513 1399 1722 1972 1074 1924 1504 1244 1057 1819 1549 1760 1238 1586 1337 1577 BCNSPRNW ULIB Ver.6.0+V

เปลี่ยนเป็นภาษาไทย

Change to English
 แสดงรายละเอียดบรรณานุกรม
  กลับหน้าหลัก

Brief Record : Get Marc (ISO 2709) : E-mail record : QR code < ปิดหน้าต่าง
LEADER : 00000nam 2200000uu 4500
001    13399111461
003     ULIB
008    110627s2550||||th 000 0 tha d
020    9789749507835
060 04 WY49^bค695 2550
100 0  ศักดิ์ชัย วงศกิตติรักษ์
245 00 คู่มือพยาบาล:^bฉบับเวชปฏิบัติ /^cบรรณาธิการ, ศักดิ์ชัย วงศกิตติรักษ์
250    พิมพ์ครั้งที่ 5
260    กรุงเทพฯ :^bหมอชาวบ้าน,^c2550
300    xi, 196 หน้า ;^c15 ซม.
650  7 ผู้ป่วย, การดูแล
650  7 พยาบาล^vคู่มือ
650  7 พยาบาลเวชปฏิบัติ^vคู่มือ
945    ^p120^l0^i030197
945    ^p120^l0^i030196
945    ^p120^l0^i030195
945    ^p120^l0^i030194
945    ^p120^l0^i030192
945    ^p120^l0^i030191
945    ^p120^l0^i030193
995     ทศพร
999 ^a ใช้งานได้ทุกระบบ
รายการนี้ยังไม่มีแท็ก
คุณยังไม่ได้ล็อกอิน คุณสามารถมีกิจกรรมร่วมกับเว็บไซต์ได้ แต่ต้องล็อกอินก่อน ::
  ล็อกอิน

รายการสื่อสารสนเทศ

ลำดับที่ ประเภท เลขเรียก/บาร์โค้ด สถานที่ สถานะ
- ไม่พบข้อมูล -

รายการใกล้เคียง
    ผู้แต่ง [ศักดิ์ชัย วงศกิตติรักษ์]

    หัวเรื่อง [ผู้ป่วย, การดูแล]

BibComment


ยังไม่เคยถูกคอมเมนท์

คอมเมนท์ทรัพยากรรายการนี้
  คอมเมนท์: คู่มือพยาบาล ฉบับ..


 Copyright 2026. Bcnsprnw @Library